000 00930nam a2200229 4500
005 20250409145141.0
008 250409b |||||||| |||| 00| 0 eng d
020 _a9788198067302
037 _cTextual
040 _aRTL
_cRTL
084 _aV2,8g R5
_qRTL
100 _aMuthuswamy, sanjeev brinda
_9752024
245 _aSwamys handbook 2025
250 _a51th ed.
260 _aChennai
_bSwamy publishers (P) Ltd.
_c2025
300 _a576 p.
_bIncludes bibliographical references
520 _aFifty first edition incorporating latest orders based on Seventh Pay Commission Report . All Allowances including TA are updated with latest orders (Swamy's Personal Organizer appended to the Handbook) Report an issue with this product.
650 _aCentral government
_9752025
650 _aGovernment service rules
_9752026
650 _aGovernment administration rules
_9752027
942 _2CC
_n0
_cTB
_hV2,8g R5
999 _c1308606
_d1308606